000 00727nam a22002417a 4500
005 20170124110224.0
010 _aB-059934
020 _c250.00
_a9788125019275
035 _aB-059934
037 _bCen Lib/Ret
040 _aDPL
_bEN
082 _a351.000954
_bMAH
100 _aMaheshwari, S. R.
_9106873
245 _aA history of Indian administration /
_cby S. R. Maheshwari
246 _b
260 _bOrient Longman
_c2001
_aNew Delhi
270 _bNew Delhi
_a1/24 Asaf Ali Road
_e110002
300 _axvi,400p.
_c22cm(pbk)
500 _aIncludes index
650 _aIndian administration
_9106874
650 _aIndian administration -- History
_940476
942 _2ddc
_cEN
_h351.000954
_mMAH
999 _c134340
_d134340